00841nam a2200241 a 4500001001000000003000900010005001700019007000300036008004100039040002500080082002800105110004700133240001800180245008400198260003300282300001900315590002800334650007200362910000700434942001400441952012700455999001700582000038823DO-SdBNP20221205122431.0ta130425s2002 dr 000 0 spa d aDO-SdBNPbspacBNPHU 4a343.72930946bR426l2221 aRepública Dominicana. [Leyes, etc.]944710a[Leyes, etc.]10aLey no. 241 de tránsito de vehículos (con sus modificaciones anexa al 1992) aSanto Domingo :bs.n,c1992. a139 p.c22 cm. aInventariado, 2022 / DG 4aVehículos de motorx LegislaciónzRepública Dominicana982602 aDG 2ddccLBS1 00102ddc51708PDaBNPHUbBNPHUcCTd2022-10-27l0oBNPHU PD 343.72930946 R426lp2022-4559r2022-10-27w2022-10-27yLBS1 c52653d52653